Guess The Country By First And Last Letter - Statistics

General Stats
  • This quiz has been taken 66 times
  • The average score is 11 of 15
Answer Stats
Continent First Letter Last Letter Country % Correct
North America J A Jamaica
94%
Africa Z E Zimbabwe
90%
Europe F D Finland
88%
North America H S Honduras
88%
Europe N Y Norway
88%
Oceania T U Tuvalu
88%
Europe G Y Germany
87%
South America B L Brazil
83%
Asia U N Uzbekistan
71%
Asia B H Bangladesh
69%
Asia P N Pakistan
69%
Africa C N Cameroon
60%
Asia I L Israel
56%
Europe S O San Marino
56%
Africa M E Mozambique
48%
No matching quizzes found
Score Distribution
Percent of People with Each Score
Percentile by Number Answered
Your Score History
You have not taken this quiz